1614 1742 1435 1449 1885 1499 1719 1861 1284 1635 1651 1995 1372 1895 1254 1870 1968 1430 1087 1843 1574 1230 1541 1312 1999 1554 1587 1107 1972 1533 1168 1094 1013 1538 1403 1071 1722 1270 1393 1089 1530 1041 1190 1076 1150 1389 1010 1455 1008 1124 1373 1389 1498 1359 1242 1283 1090 1891 1473 1443 1576 1943 1315 1610 1390 1735 1931 1860 1784 1320 1667 1799 1928 1038 1656 1024 1313 1818 1364 1951 1162 1518 1809 1522 1596 1618 1444 1020 1105 1773 1540 1993 1764 1480 1237 1883 1115 1493 1779 BCNSPRNW ULIB Ver.6.0+V

เปลี่ยนเป็นภาษาไทย

Change to English
 แสดงรายละเอียดบรรณานุกรม
  กลับหน้าหลัก

Brief Record : Get Marc (ISO 2709) : E-mail record : QR code < ปิดหน้าต่าง
LEADER : 00000nam 2200000uu 4500
001    13399108396
003     ULIB
008    110302s2552||||th 000 0 tha d
020    9789749432860
060 04 WY100^bฟ155ก
100 0  ฟองคำ ติลกสกุลชัย
245 10 การปฏิบัติการพยาบาลตามหลักฐานเชิงประจักษ์ :^bหลักการและวิธีปฎิบัติ = Evidence-based nursing : principle and method /^cฟองคำ ติลกสกุลชัย
246 31 Evidence-based practice :^bprinciple and method
250    พิมพ์ครั้งที่ 5
260    กรุงเทพฯ :^bคณะพยาบาลศาสตร์ มหาวิทยาลัยมหิดล,^c2552
300    181 หน้า ;^c21 ซม.
650  7 การพยาบาล
650  7 การพยาบาลเวชปฏิบัติ
650  7 การพยาบาล, การบริการ
650  7 การพยาบาล^xวิจัย
650  7 วิจัย
710 2  มหาวิทยาลัยมหิดล. ^bคณะพยาบาลศาสตร์
945    ^p200^l0^i027977
945    ^p200^l0^i026989
945    ^p200^l0^i026988
945    ^p200^l0^i026987
945    ^p200^l0^i026044
945    ^p200^l0^i026042
945    ^p200^l0^i027976
945    ^p200^l0^i026043
995    ทศพร
999 ^a ใช้งานได้ทุกระบบ
รายการนี้ยังไม่มีแท็ก
คุณยังไม่ได้ล็อกอิน คุณสามารถมีกิจกรรมร่วมกับเว็บไซต์ได้ แต่ต้องล็อกอินก่อน ::
  ล็อกอิน

รายการสื่อสารสนเทศ

ลำดับที่ ประเภท เลขเรียก/บาร์โค้ด สถานที่ สถานะ
- ไม่พบข้อมูล -

รายการใกล้เคียง
    ผู้แต่ง [ฟองคำ ติลกสกุลชัย]

    หัวเรื่อง [การพยาบาล]
    หัวเรื่อง [การพยาบาลเวชปฏิบัติ]
    หัวเรื่อง [การพยาบาล, การบริการ]
    หัวเรื่อง [วิจัย]

BibComment


ยังไม่เคยถูกคอมเมนท์

คอมเมนท์ทรัพยากรรายการนี้
  คอมเมนท์: การปฏิบัติการพยาบ..


 Copyright 2026. Bcnsprnw @Library